000 01552nam a22004337a 4500
001 000096666
003 CHAP
005 20220329143206.0
008 061208d2006 mx r 00110 spa d
010 _a93132
011 _a94104
035 _a104688
040 _cCHAP
090 _aTesis
100 1 _aTinoco Carrillo, Angel
_9113369
245 1 0 _aEvaluación técnico financiera de rosa (Rosa spp.) de corte, bajo cielo abierto, en Temixco, Morelos /
_c/por Angel Tinoco Carrillo.
260 _aChapingo, Méx. :
_bEl autor,
_c2006.
300 _a105 h. :
_bgráfs.
502 _aTesis (Ing. Agr. Esp. en Fitotecnia) - - UACH. Departamento de Fitotecnia
590 _aALEPH
_b10
_c20130110
_lUCH01
_h1515
590 _aBATCH-UPD
_b10
_c20130110
_lUCH01
_h0618
590 _aBATCH-UPD
_b10
_c20130410
_lUCH01
_h0300
590 _aBATCH-UPD
_b10
_c20130914
_lUCH01
_h2009
590 _aBATCH-UPD
_b10
_c20140324
_lUCH01
_h1500
590 _aBATCH-UPD
_b10
_c20141002
_lUCH01
_h0832
590 _aCONVERSION
_b10
_c20130109
_lUCH01
_h1352
590 _aE792CSJ
_b10
_c20130604
_lUCH01
_h0927
650 1 4 _aRosas
_xCostos de producción.
_999964
650 1 4 _aRosas
_xMercadeo.
_999978
650 1 4 _aRosas
_xMorelos.
_999981
650 1 4 _aRosas
_xRendimiento.
_999988
856 _3Finding aid
_uhttp://10.13.5.2/tesis/104688.pdf
_zTeclea aquí
901 _aBK
905 _aLilia
942 _cCD
942 _n0
949 _aTesis
_bBC
_cTES
_d33724002011702
_eTS2
_fc.2
_h46135
_i104688
_si
949 _aTesis
_bBC
_cTES
_d33724002011743
_eTS1
_h46134
_i104688
_sb
999 _c93132
_d93132